Counsels on education : (Registro nro. 34398)

Detalles MARC
000 -LEADER
campo de control de longitud fija 02825cam a22004814i 4500
003 - IDENTIFICADOR DE NÚMERO DE CONTROL
campo de control PE-LiUPU
005 - FECHA Y HORA DE LA ÚLTIMA TRANSACCIÓN
campo de control 20250731173139.0
008 - DATOS DE LONGITUD FIJA--INFORMACIÓN GENERAL
campo de control de longitud fija 150623s1968 cau r 000 0 eng d
035 ## - NÚMERO DE CONTROL DEL SISTEMA
Número de control de sistema (Sirsi) a27276
040 ## - FUENTE DE CATALOGACIÓN
Centro catalogador/agencia de origen PE-LiUPU
Lengua de catalogación spa
Centro/agencia transcriptor PE-LiUPU
Normas de descripción rda
050 ## - SIGNATURA TOPOGRÁFICA DE LA BIBLIOTECA DEL CONGRESO
Número de clasificación BX6146
Número de ítem .C75
082 04 - NÚMERO DE LA CLASIFICACIÓN DECIMAL DEWEY
Número de clasificación 286.7325
Cutter COEi
Número de edición 21
100 1# - ENTRADA PRINCIPAL--NOMBRE DE PERSONA
Nombre de persona White, Ellen Gould Harmon,
Fechas asociadas al nombre 1827-1915,
Término indicativo de función/relación autor.
245 10 - MENCIÓN DEL TÍTULO
Título Counsels on education :
Resto del título as presented in the nine volumes of testimonies for the church /
Mención de responsabilidad, etc. Ellen G. White.
264 #1 - PRODUCCIÓN, PUBLICACIÓN, DISTRIBUCIÓN, FABRICACIÓN Y COPYRIGHT
Producción, publicación, distribución, fabricación y copyright Mountain View, California :
Nombre del de productor, editor, distribuidor, fabricante Pacific Press Publishing Association,
Fecha de producción, publicación, distribución, fabricación o copyright 1968.
300 ## - DESCRIPCIÓN FÍSICA
Extensión 312 páginas ;
Dimensiones 18 centimetros.
336 ## - TIPO DE CONTENIDO
Término de tipo de contenido text
Fuente rdacontent
337 ## - TIPO DE MEDIO
Nombre/término del tipo de medio unmediated
Fuente rdamedia
338 ## - TIPO DE SOPORTE
Nombre/término del tipo de soporte volume
Fuente rdacarrier
505 0# - NOTA DE CONTENIDO CON FORMATO
Nota de contenido con formato Proper education. Our college (1872). The cause in Iowa (1880). Proper education (1880). Our college (1881). Important testimony (1882). Workers in our college (1882). Religion and scientific education (1889). The edcucation of our children (1889). The need of educational reform (1900). Hinderances to reform (1900). Character and work of teachers (1900). Words from a heavenly instructor (1900). Shool homes (1900). Industrial reform (1900). The avondale school farm (1900). Church schools (1900). School management and finance (1900). A word of caution (1900). The relief of our shools (1900). The the teachers in our schools (1902). The holy spirit in our schools (1904). The false and true in education (1904). Importance of seeking true knowledge (1904). The knowledge received throug God's word (1904). The Loma Linda College of evangelists (1909).
526 ## - NOTA DE INFORMACIÓN SOBRE EL PROGRAMA DE ESTUDIO
Nombre del programa Segunda Especialidad En Profecías Bíblicas
526 ## - NOTA DE INFORMACIÓN SOBRE EL PROGRAMA DE ESTUDIO
Nombre del programa Segunda Especialidad En Nuevo Testamento
526 ## - NOTA DE INFORMACIÓN SOBRE EL PROGRAMA DE ESTUDIO
Nombre del programa Segunda Especialidad En Antiguo Testamento
526 ## - NOTA DE INFORMACIÓN SOBRE EL PROGRAMA DE ESTUDIO
Nombre del programa Segunda Especialidad En Estudios Adventistas
526 ## - NOTA DE INFORMACIÓN SOBRE EL PROGRAMA DE ESTUDIO
Nombre del programa Doctorado en teología
526 ## - NOTA DE INFORMACIÓN SOBRE EL PROGRAMA DE ESTUDIO
Nombre del programa Maestría en teología histórica
526 ## - NOTA DE INFORMACIÓN SOBRE EL PROGRAMA DE ESTUDIO
Nombre del programa Maestría en teología bíblica
526 ## - NOTA DE INFORMACIÓN SOBRE EL PROGRAMA DE ESTUDIO
Nombre del programa Maestría en teología
526 ## - NOTA DE INFORMACIÓN SOBRE EL PROGRAMA DE ESTUDIO
Nombre del programa Maestría en misionología
526 ## - NOTA DE INFORMACIÓN SOBRE EL PROGRAMA DE ESTUDIO
Nombre del programa Maestría en liderazgo eclesiástico
526 ## - NOTA DE INFORMACIÓN SOBRE EL PROGRAMA DE ESTUDIO
Nombre del programa Teología
596 ## -
-- 1 4
610 2# - PUNTO DE ACCESO ADICIONAL DE MATERIA--NOMBRE DE ENTIDAD CORPORATIVA
Nombre de entidad corporativa o nombre de jurisdicción como elemento de entrada IASD
Subdivisión general EDUCACION.
910 ## - DATOS DE OPCIÓN DEL USUARIO (OCLC)
Datos de opción del usuario jck
-- jvq
-- jck
-- 20170522
942 ## - ELEMENTOS DE ENTRADA SECUNDARIOS (KOHA)
Fuente del sistema de clasificación o colocación Clasificación Decimal Dewey
Tipo de ítem Koha
949 ## - PROCESAMIENTO DE INFORMACIÓN LOCAL (OCLC)
a BX6146 .C75
w DEWEY
c 1
i CW52572
l CCODEBUL1
m BUL
p 10.00
r 0
s Y
t BOOK
u 2015-06-24
x TEOLOGIA
-- P35
0 COMPRA
o .STAFF. Colección General
999 ## - NÚMEROS DE CONTROL DE SISTEMA (KOHA)
-- DEWEY
-- 75886
-- 2021-11-11
-- 5
-- CCODEBUL1
-- BUL
-- 17.00
-- 0
-- Y
-- BOOK
-- 2017-5-22
-- TEOLOGIA
-- P85
-- DONACION
-- .STAFF. Colección Teología
999 ## - NÚMEROS DE CONTROL DE SISTEMA (KOHA)
-- DEWEY
-- CW52572
-- 2021-12-21
-- 2
-- CCODECWL1
-- BWL
-- 20.00
-- 1
-- Y
-- BOOK
-- 2015-6-24
-- WHITE
-- UNKNOWN
-- COMPRA
-- .STAFF. Centro White
999 ## - NÚMEROS DE CONTROL DE SISTEMA (KOHA)
-- DEWEY
-- CW58520
-- 2021-12-21
-- 2
-- CCODECWL1
-- BWL
-- 20.00
-- 0
-- Y
-- BOOK
-- 2018-5-28
-- WHITE
-- .STAFF. Centro White
980 ## - EQUIVALENCIA O REFERENCIA-CRUZADA-MENCIÓN DE SERIE--NOMBRE DE PERSONA/TÍTULO [LOCAL, CANADÁ]
ID del último usuario que modificó el registro 1
Nombre del último usuario que modificó el registro ALBERTO SANCHEZ Responsable de Automatización
Existencias
Visto por última vez Número de inventario Total de préstamos Signatura topográfica completa Código de barras Copia número Coste, precio de reemplazo Fecha de reemplazo Facultad Tipo de ítem Koha Nota pública Estado de pérdida Fuente del sistema de clasificación o colocación Restricciones de uso No para préstamo Colección Programa académico Biblioteca de origen Biblioteca actual Ubicación en estantería Fecha de adquisición Fuente de adquisición Coste, precio normal de compra
2025-12-02 6   286.7325 COEI 75886 e2 22.00 2017-05-22   Libros físicos inventario-2023-12-13 No Perdido Clasificación Decimal Dewey No restringido Disponible para préstamos Colección General Maestría en teología Biblioteca CRAI UPeU Lima Biblioteca CRAI UPeU Lima Sala principal 2017-05-22 DONACION 17.00